000 00578nam a2200229Ia 4500
003 OSt
005 20221005121341.0
006 a|||||r|||| 00| 0
007 ta
008 221004b |||||||| |||| 00| 0 kan d
024 _a62013
037 _cTextual
040 _aCRL
_cCRL
_bkan
041 _2kan
_akan
082 _aY15:7:7.2, 33H0
100 _aHonnamma Sanchi Au.
_9630444
245 0 _aHadhibadheya dharma
260 _c1940
650 _aSOCIOLOGY
942 _hY15:7:7.2, 33H0
_cTEXL
_2cc
999 _c1040866
_d1040866